| 000 | 02231nam a22003617u 4500 | ||
|---|---|---|---|
| 001 | pwiiw7283 | ||
| 003 | OSt | ||
| 005 | 20260516120037.0 | ||
| 008 | 250411t2025 au ||||| |||| 00| ||eng d | ||
| 040 | _cOSt | ||
| 041 | _aeng | ||
| 084 |
_aF22 _aO15 _aK37 _2jelc |
||
| 100 | 1 | _ade Lange, Tesseltje | |
| 245 | 1 | 0 | _aMigration or automation? Recommendations for how to better navigate labour shortages in the EU |
| 260 |
_aWien : _bWiener Institut für Internationale Wirtschaftsvergleiche (wiiw), _c2025. |
||
| 300 |
_a19 S., _b2 Figures, _c30cm. |
||
| 490 | 1 |
_awiiw Policy Notes and Reports _v95 |
|
| 520 | _aThis policy brief draws on the findings of Tverdostup et al. (2025) to examine Austrian firms’ responses to labour shortages through automation and migration. Like many European nations, Austria has been grappling with labour shortages over the past decade. These shortages have been influenced by demographic shifts, economic cycles and evolving industry demands. Understanding these trends is crucial for formulating effective policy responses, particularly in the realms of migration, education and automation, three policy domains central to our Horizon Europe project formulating a Global Strategy for Skills, Migration and Development (GS4S). The referenced empirical evidence indicates that automation largely complements human labour, notably benefiting low-educated migrants who are not from the European Economic Area (EEA), but posing challenges for highly educated migrant workers. Policy recommendations include improving EU migration policies, streamlining the recognition of qualifications, developing targeted training initiatives, and incentivising responsible automation practices to foster inclusive labour market growth and resilience. | ||
| 650 | _aautomation | ||
| 650 | _alabour migration | ||
| 650 | _askills | ||
| 650 | _alabour shortages | ||
| 650 | _asubstitution | ||
| 650 | _aEU | ||
| 651 | _aAustria | ||
| 651 | _aEuropean Union | ||
| 690 | _aLabour, Migration and Income Distribution | ||
| 700 | 1 | _aGhodsi, Mahdi | |
| 700 | 1 | _aTverdostup, Marina | |
| 830 | 0 |
_v95 _wWIIW0000092 _twiiw Policy Notes and Reports |
|
| 856 | 4 | 0 | _uhttps://wiiw.ac.at/p-7283.html |
| 942 | _cP | ||
| 999 |
_c9134 _d9134 |
||